000 01219nam a2200385 i 4500
001 1589
003 KOSZ 005
005 20191211080849.0
008 000114s1981 pl a f |000 0 pol
015 _aPB 1981/3937
020 _a8321329845
040 _aWA N
_cWA N
_dKOSZ 005/HR
041 0 _apol
046 _k1981
080 _a696
100 1 _aMańkowski, Stanisław
_d(1937-2018).
_eAutor
245 1 0 _aProjektowanie instalacji ciepłej wody użytkowej /
_cStanisław Mańkowski.
260 _aWarszawa :
_b"Arkady",
_c1981.
300 _a347, [1] s. :
_bil., tab., wykr. ;
_c24 cm.
336 _2rdacontent
_aTekst
_btxt
337 _2rdamedia
_aBez urządzenia pośredniczącego
_bn
338 _2rdacarrier
_aWolumin
_bnc
380 _aKsiążki
388 _a1901-2000
388 _a1945-1989
504 _aBibliogr. s. 325-328.
658 _aInżynieria i technika
650 4 _aProjekty
650 4 _aUrządzenia
650 4 _aInstalacje sanitarne
650 4 _aWoda ogrzewana
710 2 _aWydawnictwo "Arkady".
_4pbl.
856 _uhttp://koha.tu.koszalin.pl/cgi-bin/koha/opac-detail.pl?biblionumber=1589
_yKatalog online BPK
942 _2UKD
_cKS
999 _c1589
_d1589